A-Z Images Ending in 'O' Quiz Stats

Quiz Updated Apr 26, 2017

Challenge
Share
Tweet
Score 0/25 Timer 05:00
4 Plays Today
% Correct
flamingo
98%
Lego
97.5%
avocado
97.2%
tattoo typo
95.9%
shampoo
94.6%
banjo
94%
halo
93.7%
nacho
92%
Waldo
91.5%
domino
91.2%
pistachio
88.2%
kimono
88.1%
judo
86.8%
% Correct
espresso
86.1%
Zippo
81.1%
Quasimodo
75.3%
churro
74.6%
indigo
73.5%
updo
67.2%
Gonzo
62.9%
Magneto
57.7%
Othello
56%
radicchio
39.1%
vindaloo
37.8%
Yakko
29.1%

You're not logged in!

Compare scores with friends on all Sporcle quizzes.
Sign Up with Email
OR
Log In

You Might Also Like...

Show Comments

Extras

Top Quizzes Today


Score Distribution

Your Account Isn't Verified!

In order to create a playlist on Sporcle, you need to verify the email address you used during registration. Go to your Sporcle Settings to finish the process.